|
|
|
|
| LEADER |
00000nam a22000007a 4500 |
| 005 |
20190418203249.0 |
| 007 |
cr|||| |||| |
| 008 |
190418s2010 co |||||s|||| 00||0 spa d |
| 020 |
|
|
|a 978-958-695-537-9
|
| 035 |
|
|
|a 23270
|
| 040 |
|
|
|a vLex
|
| 090 |
|
|
|c 8661
|d 8661
|
| 100 |
1 |
|
|a Posada Maya, Ricardo
|
| 245 |
1 |
0 |
|a Delito polt̕ico, terrorismo y temas de derecho penal
|h [Recurso electrn̤ico] /
|c Ricardo Posada Maya
|
| 256 |
|
|
|a Servicio en ln̕ea
|
| 260 |
|
|
|a Bogot:̀
|b Universidad de Los Andes (Colombia),
|c 2010
|
| 300 |
|
|
|a 1 recurso electrn̤ico
|
| 506 |
1 |
|
|a Disponible solo en los productos indicados
|d vLex Global
|d vLex Global (Academic Edition, excluding Law Schools)
|d vLex Global (U.S. Academic Edition, Law Schools)
|d vLex Global (U.S. Academic Edition, excluding Law Schools)
|d vLex Global (Academic Edition, Law Schools)
|
| 650 |
0 |
4 |
|a Derecho Penal
|z Colombia
|
| 740 |
0 |
|
|a vLex Libros (Servicio en ln̕ea)
|
| 856 |
4 |
0 |
|u http://vlex.com/source/delito-politico-terrorismo-temas-derecho-penal-23270
|z Acceso restringido
|
| 942 |
|
|
|c BOOK
|
| 999 |
0 |
|
|a Criminal law
|